Οικουμενικό Πατριαρχείο και ευρωπαϊκή πολιτική, 1620-1638

Αποθηκεύτηκε σε:
Λεπτομέρειες βιβλιογραφικής εγγραφής
Κύριος συγγραφέας: Hering, Gunnar
Άλλοι συγγραφείς: Κούρτοβικ, Δημοσθένης, 1948- (Μεταφραστής)
Μορφή: Βιβλίο
Γλώσσα:Greek
German
Δημοσίευση: Αθήνα : Μορφωτικό Ίδρυμα Εθνικής Τραπέζης, 1992.
Θέματα:
Ετικέτες: Προσθήκη ετικέτας
Δεν υπάρχουν, Καταχωρήστε ετικέτα πρώτοι!

MARC

LEADER 00000cam a2200000 i 4500
001 1/87629
008 051018s1992 gr | ||| |||| ||gre||
020 |a 9602500565 
035 |l 10080870 
040 |a GR-MyUA  |b gre  |e AACR2 
041 1 |a gre  |h ger 
082 7 |a 320.94   |2 (22) 
100 1 |a Hering, Gunnar. 
245 1 0 |a Οικουμενικό Πατριαρχείο και ευρωπαϊκή πολιτική, 1620-1638 /   |c Gunnar Hering ; μετάφραση Δημοσθένης Κούρτοβικ.  
260 |a Αθήνα :   |b Μορφωτικό Ίδρυμα Εθνικής Τραπέζης,   |c 1992.  
300 |a 477 σ. :   |b εικ., πορτ. ;   |c 25 εκ.  
500 |a Τίτλος πρωτοτύπου: Οkumenisches Patriarchat und europische Politik, 1620-1638.  
504 |a Περιέχει βιβλιογραφία (σ. 395-477) και ευρετήριο.  
610 1 0 |a Constantinople (Ecumenical patriarchate) 
651 0 |a Europe  |x Politics and government  |y 1517-1648. 
700 1 |a Κούρτοβικ, Δημοσθένης,   |d 1948-  |e trl 
852 |a INST  |b LESVOS  |e 20051018  |h 320.94 HER  |p 005100032829  |q 005100032829  |t BK  |y 4  |x 20220218 
901 |a BIBL1-2005-3 
922 |a 1ΕΛΗ  |b 200510  |c Παράρτημα Λέσβου  |d Χατζηδανιήλ 
970 |a ΚΑΡΑ  |b ΓΙΑΣΕΜΗ  |z 2005/10/18